| 000 | 00675cam a22002293a 4500 | ||
|---|---|---|---|
| 001 | 10097 | ||
| 003 | PGUSA | ||
| 005 | 20140828083219.0 | ||
| 008 | 031101s2003||||xxu|||||s|||||000 | eng d | ||
| 040 |
_aPGUSA _beng |
||
| 042 | _adc | ||
| 050 | 4 | _aD501 | |
| 100 | 1 |
_aCarpenter, Edward, _d1844-1929 |
|
| 245 | 1 | 4 |
_aThe Healing of Nations and the Hidden Sources of Their Strife _h[electronic resource] / _cEdward Carpenter |
| 260 |
_bProject Gutenberg, _c2003 |
||
| 506 | _aPublic domain in the USA. | ||
| 516 | _aElectronic text | ||
| 653 | _aWorld War, 1914-1918 | ||
| 830 | 0 |
_aProject Gutenberg _v10097 |
|
| 856 | 4 | 0 | _uhttp://www.gutenberg.org/ebooks/10097 |
| 942 | _cEB | ||
| 999 |
_c239352 _d239352 |
||